01120 2200181 4500001002100000005001500021035002000036245007000056100003100126250001700157300002800174260003900202082000800241084001400249020002200263650002100285520063200306INLIS00000000000074220241019080643 a0010-10240000351 aEnsiklopedia IPA :bBuku 4 Tumbuhan /cNurcahyawati Windri Astuti0 aNurcahyawati Windri Astuti aCetakan ke-1 a56 hlm :bIlus ;c25 cm aBekasi :bUranus publishing,c2011 a503 a503 NUR e a978-602-8637-29-9 4aEnsiklopedia ipa aIlmu pengetahuan alam adalah salah satu cabang ilmu yang seringkali menakutkan bagi anak-anak. Walaupun, sebenarnya belajar ilmu pengetahuan alam dapat dilihat atau dirasakan dari kehidupan sehari-hari. Banyak bertanya dan membaca adalah salah satu kunci untuk memahami pengetahuan. Maka dari itu, keenam ensiklopedia ilmu pengetahuan alam ini dibuat. Anak-anak dapat mempelajari bumi, angkasa dan tata Surya, hewan, tumbuhan, tubuh manusia, dan teknologi. Metode yang dibuat pun sangat sederhana, berupa pertanyaan dan jawaban disertai gambar-gambar yang menarik. Mempelajari ilmu pengetahuan alam kini tak lagi membosankan.